|
|
|
|
| LEADER |
01195nam a2200277 a 4500 |
| 001 |
12839976 |
| 008 |
091022s1996 ph a b 000 0 eng d |
| 010 |
|
|
|a \\2002346459
|
| 020 |
|
|
|a 1853832928
|
| 040 |
|
|
|a DLC
|c DLC
|d DLC
|
| 082 |
0 |
0 |
|a 338.91/09/0511
|2 22
|
| 245 |
0 |
4 |
|a The reality of aid 1996 :
|b an independent review of poverty reduction and international development assistance /
|c the Reality of Aid Project ; edited by Judith Randel, Tony German, and Deborah Ewing.
|
| 246 |
3 |
0 |
|a Independent review of poverty reduction and international development assistance
|
| 260 |
|
|
|a Manila :
|b IBON Foundation,
|c 1996.
|
| 300 |
|
|
|a xii, 262 p. :
|b ill. ;
|c 25 cm.
|
| 500 |
|
|
|a "Focus on conditionality and ownership"--Cover.
|
| 504 |
|
|
|a Includes bibliographical references.
|
| 541 |
1 |
|
|e 00006085
|
| 650 |
|
0 |
|a Economic assistance.
|
| 700 |
1 |
|
|a Randel, Judith.
|
| 700 |
1 |
|
|a German, Tony.
|
| 700 |
1 |
|
|a Ewing, Deborah.
|
| 710 |
2 |
|
|a Reality of Aid Project.
|
| 852 |
4 |
|
|a Ayesha Abed Library
|j General shelf
|
| 999 |
|
|
|c 4805
|d 4805
|
| 952 |
|
|
|0 0
|1 0
|2 ddc
|4 0
|6 338_910905110000000_REA_1996
|7 0
|9 4616
|a BRACUL
|b BRACUL
|c GEN
|d 2009-10-24
|g 1344.00
|l 0
|o 338.91090511 REA
|p 3010006085
|r 2009-10-24
|t 1
|w 2009-10-24
|y BK
|